LEADER 01603nam a2200277 a 4500 001 000000115648 003 CaOOAMICUS 005 20090513160724.0 008 090513s2001 it u100 u eng r 040 $aPUL$bita$dLDB 245 00$aSelected questions about Church property in the U.S.A. :$bcivil-canonical dimensions /$cedited by Jospeh Fox and Michael O' Rourke. 260 $aRome :$bPontifical University of Saint Thomas Aquinas ;$a[s.l.] :$bDuquesne University,$cc2001. 300 $a343 p. ;$c24 cm. 500 $aSul front.: "From the Acts of the Colloquium: Pubblic ecclesiastical juridic persons and their civilly incorporated apostolates, 24 april, 1998, Pontifical University of st. Thomas Aquinas, Rome, Italy". 504 $aBibliografia in nota. 650 4$aDiritto canonico amministrativo.$0(OLS)http://pul/subject/1786 650 4$aBeni ecclesiastici$zStati Uniti.$0(OLS)http://pul/subject/14417 700 1 $aO'Rourke, Michael,$cO.P.$0(OLS)http://pul/name/71715 700 1 $aFox, Joseph,$cO.P.$0(OLS)http://pul/name/71714 850 $aPUL 852 $aPUL$W1$xSL Diritto Canonico 3$y77$m262. 945 FOXJO 1$j132468$qDDC 21$B131466$CPULBib$Z2$F131466 $H109441 $82 941 1 $a9 960 $aDiritto amministrativo canonico$91786 996 $6245$aSelected questions about Church property in the U.S.A. :$bcivil-canonical dimensions$9(OLS)http://pul/title/145307 996 $6260$aRome :$bPontifical University of Saint Thomas Aquinas$9(OLS)http://pul/publisher/80308 996 $6260$a[s.l.] :$bDuquesne University$9(OLS)http://pul/publisher/80309 LEADER 01252nam a2200301 a 4500 001 000000157709 003 CaOOAMICUS 005 20161220092001.0 008 161220n2016 it u000 u ita u 020 $a978-88-308-1545-2* 032 $aLibriCat 040 $aPUL$bita 082 04$a282.092 100 1 $aParadiso, Marcello,$d1953-$0(OLS)http://pul/name/70457 245 10$aAdrienne von Speyr :$buna donna nella chiesa /$cMarcello Paradiso ; prefazione di Jacques Servais. 260 $aAssisi :$bCittadella,$c©2016. 300 $a234 p. ;$c21 cm. 504 $aBibliografia in nota a pič pagina. 600 14$aSpeyr, Adrienne von,$d1902-1967.$0(OLS)http://pul/subject/17553 700 1 $aServais, Jacques,$cS.I.$0(OLS)http://pul/name/40029 850 $aPUL 852 $aPUL$W1$xSL Religione 3$y85$m282. 092 PARMA 1$j181046$qDDC 21$B184176$CPULBib$Z2$F184176 $H128618 $81 941 1 $a9 996 $6020$a978-88-308-1545-2*$9(OLS)http://pul/number/161748 996 $6082$a282.092$9(OLS)http://pul/classification/402 996 $6245$aAdrienne von Speyr :$buna donna nella chiesa$9(OLS)http://pul/title/197308 996 $6260$aAssisi :$bCittadella$9(OLS)http://pul/publisher/49668